Parties in the Finnish parliament - Statistics

General Stats
  • This quiz has been taken 18 times
  • The average score is 7 of 9
Answer Stats
Seats Party % Correct
48 National Coalition Party
94%
43 Social Democratic Party
94%
10 Swedish People's Party
94%
46 Finns Party
88%
11 Left Alliance
88%
23 Centre Party
81%
13 Green League
81%
5 Christian Democrats
69%
1 Movement Now
56%
No matching quizzes found
Score Distribution
Percent of People with Each Score
Percentile by Number Answered
Your Score History
You have not taken this quiz